000 01635cam a22003251i 4500
003 SA-RiAUC
005 20250911112256.0
008 250908s1993 su g b f000 0 ara c
020 _a9960618013
040 _aSA-RiAUC
_bara
_cSA-RiAUC
_erda
050 4 _b.A53 1993
082 0 4 _a811.009
_qSA-RiAUC
090 _a811.009
_bا ن ب
100 1 _aالأنباري، عبد الرحمن بن محمد بن عبيد الله،
_d513-577 هجري
_eمؤلف.
245 1 2 _aاللمعة في صنعة الشعر /
_cعبد الرحمن بن محمد بن أبي سعيد الأنباري ؛ حققه وقدم له وعلق عليه صلاح الدين محمد الهادي.
250 _aالطبعة الأولى.
264 1 _aالمدينة المنورة، السعودية :
_bنادي المدينة المنورة الأدبي،
_c1993
300 _a112 صفحة ؛
_c20 سم.
336 _aنص
_btxt
_2rdacontent
_3كتاب
337 _aبدون وسيط
_bn
_2rdamedia
338 _aمجلد
_bnc
_2rdacarrier
490 0 _aنادي المدينة المنورة الأدبي ؛
_v83
504 _aببليوجرافية : صفحة 83-94.
650 7 _aالبلاغة العربية
_vأعمال مبكرة حتى 1800
_2aucsh
650 7 _aالشعر العربي
_xتاريخ ونقد
_2aucsh
700 1 _aالهادي، صلاح الدين محمد
_eمحقق.
700 1 2 _iتحقيق لـ :
_aالأنباري، عبد الرحمن بن محمد بن عبيد الله،
_d513-577 هجري.
_tاللمعة في صنعة الشعر
942 _2ddc
_cBOOK
_n0
949 _aSA-JeALM
_d250908
_umohamedma123
_n1
999 _c11607
_d11607